[Event "Arab Clubs-chT"]
[Site "Marrakesh"]
[Date "2014.05.26"]
[Round "3"]
[White "Atef, Hatem"]
[Black "Onkoud, Abdelaziz"]
[Result "0-1"]
[WhiteElo "2173"]
[BlackElo "2385"]
[PlyCount "102"]
[EventDate "2014.05.24"]
[EventType "team-swiss"]
[EventRounds "9"]
[EventCountry "MAR"]
[SourceTitle "EXT 2018"]
[Source "ChessBase"]
[SourceDate "2017.10.13"]
[SourceVersion "1"]
[SourceVersionDate "2017.10.13"]
[SourceQuality "1"]
[WhiteTeam "Club Houar"]
[BlackTeam "Raja"]
[WhiteTeamCountry "EGY"]
[BlackTeamCountry "MAR"]

1. e4 d5 2. exd5 Qxd5 3. Nc3 Qd6 4. d4 Nf6 5. h3 a6 6. Nf3 e6 7. Be3 b5 8. a3 Nbd7 9. Qd2 Bb7 10. Be2 c5 11. dxc5 Qxd2+ 12. Nxd2 Bxc5 13. Bxc5 Nxc5 14. Bf3 Bxf3 15. Nxf3 Rc8 16. 0-0-0 Ke7 17. Rhe1 Rc7 18. Re2 Rhc8 19. g4 Rd7 20. Ne5 Rxd1+ 21. Kxd1 Nfd7 22. Nxd7 Kxd7 23. Re3 Rc6 24. Ne4 Nxe4 25. Rxe4 f5 26. gxf5 exf5 27. Rh4 h6 28. a4 bxa4 29. Rxa4 Ke6 30. Kd2 g5 31. c3 h5 32. f3 Kf6 33. Kd3 Re6 34. Kd4 g4 35. hxg4 hxg4 36. c4 g3 37. Ra1 Kg5 38. Kd5 Re2 39. b4 g2 40. Rc1 Kf4 41. c5 Kxf3 42. c6 Re8 43. c7 f4 44. Rc3+ Kf2 45. Rc2+ Kg1 46. Rc1+ Kh2 47. c8Q Rxc8 48. Rxc8 f3 49. Ke4 f2 50. Rh8+ Kg1 51. Kd4 f1Q 0-1

[Event "Mahalla op 15th"]
[Site "Mahalla"]
[Date "2014.04.27"]
[Round "5"]
[White "Atef, Hatem"]
[Black "Anwar, Ashraf"]
[Result "0-1"]
[WhiteElo "2173"]
[BlackElo "2081"]
[PlyCount "86"]
[EventDate "2014.04.22"]
[EventType "swiss"]
[EventRounds "9"]
[EventCountry "EGY"]
[SourceTitle "EXT 2015"]
[Source "ChessBase"]
[SourceDate "2014.11.20"]
[SourceVersion "1"]
[SourceVersionDate "2014.11.20"]
[SourceQuality "1"]

1. e4 c5 2. Nf3 d6 3. d4 cxd4 4. Nxd4 Nf6 5. Nc3 a6 6. f3 e6 7. Be3 Nbd7 8. Qd2 b5 9. g4 h6 10. 0-0-0 Bb7 11. Bd3 b4 12. Nce2 d5 13. Ng3 dxe4 14. Nxe4 Nxe4 15. Bxe4 Bxe4 16. fxe4 Ne5 17. Qe2 Qa5 18. Kb1 Rc8 19. h4 Nc4 20. Bc1 g6 21. h5 g5 22. Nb3 Qb5 23. Qd3 Bg7 24. Nd2 0-0 25. Nxc4 Rxc4 26. Rhe1 Rfc8 27. Re2 Qe5 28. Qf3 Qc7 29. Rdd2 a5 30. Qd3 a4 31. Rf2 a3 32. Qb3 Qe5 33. Rfe2 Rxe4 34. Rxe4 Qxe4 35. Qh3 axb2 36. Bxb2 Qe1+ 37. Bc1 Qe5 38. c3 Rxc3 39. Qg2 Rc8 40. Rb2 Rxc1+ 41. Kxc1 Qxb2+ 42. Qxb2 Bxb2+ 43. Kxb2 f5 0-1